000
00341nam a2200145Ia 4500
008
221030s9999 xx 000 0 und d
041
_a
English
082
_a
105.23
_b
Adm
100
_a
Admiralty
245
0
_a
Examples in Electrical Calculations
260
_b
Standard Pub.
_a
New Delhi
_c
1977
300
_a
432
650
_a
EE
942
_c
BK
999
_c
7114
_d
7114